Inflación o pleno empleo?

Guardado en:
Detalles Bibliográficos
Autor principal: Hayek, Friedrich August von (Autor)
Formato: Libro
Lenguaje:español
Publicado: Madrid Unión 1976
Colección:Nuevas Perspectivas, 6
Materias:
Etiquetas: Agregar Etiqueta
Sin Etiquetas, Sea el primero en etiquetar este registro!

MARC

LEADER 00000nam a2200000 a 4500
001 UCR7977
003 CL-VaPUC
008 980519e19760000SP |||||||||||||||||spa|d
082 0 4 |a 332.41  |b HAY  |2 21 
100 |a Hayek, Friedrich August von  |e author  |9 295209 
245 1 0 |a Inflación o pleno empleo? 
300 |a 193 p 
942 |c BK 
945 |d 19980519 00:00:00  |a crobeson 
260 |a Madrid  |b Unión  |c 1976 
650 0 |a Inflación   |9 257218 
650 0 |a Condiciones económicas  |9 258255 
650 0 |a Empleo  |9 339124 
650 7 |a SUELDOS  |2 CL-VaPUC  |9 312584 
650 7 |a ESTATISMO  |2 CL-VaPUC  |9 409494 
650 7 |a SINDICALISMO  |2 CL-VaPUC  |9 409567 
583 |a last modification  |c 19980519 00:00:00  |k Rodrigo Vera 
490 0 |a Nuevas Perspectivas, 6 
999 |c 269552  |d 269550 
952 |0 0  |1 0  |4 0  |6 332_410000000000000_HAY_1976  |7 0  |8 A  |9 303314  |a BIBENE  |b BIBENE  |d 2019-11-20  |i 1400517  |o 332.41 HAY 1976  |p 1400517  |r 2025-01-15  |w 2019-11-20  |y BK  |k ICO